Statistics for Medicine and related terms with P

Click here to take the quiz!

General Stats

  • This quiz has been taken 114 times
  • The average score is 17 of 30

Answer Stats

HintAnswer% Correct
An organ of the digestive system, which produces insulinPancreas
97%
A disease prevalent over the whole country or world, example, covidPandemic
91%
Carrying a fetus in the wombPregnancy
89%
The first discovered antibioticPenicillin
86%
A branch of medicine dealing with childrenPediatrics
84%
Fluid matrix of the bloodPlasma
80%
A bacterial infection which causes severe inflammation of the lungs in which the alveoli are filled with fluidPneumonia
80%
The part of the eye through which light entersPupil
80%
A nutritive component of dietProtein
78%
Also called the master endocrine glandPituitary
74%
Birth before the completion of gestationPremature
73%
A sample of cells of the cervix for testingPap smear
71%
Of or relating to the lungsPulmonary
70%
A gland in the male reproductive systemProstate
67%
HeartbeatPulse
66%
A progressive nervous system disorder that affects movementParkinson’s disease
61%
Blood clotting agentsPlatelets
61%
DNA consists of these, Purines andPyrimidines
58%
Abnormal pounding or fast beating of the heartPalpitation
57%
Components of voice, frequency andPitch
49%
A method used to multiply DNA fragments for laboratory studiesPCR
38%
The external earPinna
36%
SA Node is also calledPacemaker
33%
The full form of PET, a radiology procedurePositron Emission Tomography
31%
The two girdles in the body, pectoral andPelvic
30%
Also called ‘infantile paralysis’Polio
30%
Specialised cardiac muscle fibres forming a network of conducting tissue in the heartPurkinje fibres
28%
Another term for ‘fever’Pyrexia
26%
Preventive and curative measures against a disease or ailmentProphylaxis
18%
Another term for childbirthParturition
7%

Score Distribution

Percentile by Number Answered

Percent of People with Each Score

Your Score History

You have not taken this quiz